| 000 | 01345nam0a22003131 4500 | ||
|---|---|---|---|
| 001 | v19\rc\1943410 | ||
| 005 | 20260405202928.0 | ||
| 035 | _a(NLR Aleph) 005267840 | ||
| 090 |
_a5967817 _c5967817 |
||
| 100 | _a20080428d1913 |||y0rusy50 ca | ||
| 101 | 0 | _arus | |
| 102 | _aRU | ||
| 105 | _ay z ||||| | ||
| 200 | 1 |
_aМарселен Бертело _e25 окт. 1827 г. - 18 марта 1907 г. _fАкад. проф. П.И. Вальден _gАвториз. пер. с отд. отт. Chemiker Zeitung 1907 г. № 29 инж.-техн. М.А. Блох |
|
| 210 |
_aРига _cкн. маг. Ионка и Полиевского _d1913 |
||
| 215 |
_a36, [2] с. _d22 |
||
| 316 |
_aЭкз. РНБ (120/288): деф.: тит. л. отсутствует _5NLR: 120/288 |
||
| 532 | 1 | 3 | _aМарселен Бертело |
| 700 | 1 |
_8rus _7ca _aВальден _bП. И. _f1863-1957 _gПавел Иванович _3RU\NLR\AUTH\7790373 _973300 |
|
| 702 | 1 |
_4570 _8rus _7ca _aБертело _bП. Э. М. _f1827-1907 _gПьер Эжен Марселен _3RU\NLR\AUTH\7772371 _955299 |
|
| 702 | 1 |
_aБлох _bМ.А. _4730 |
|
| 801 | 0 |
_aRU _bNLR _c20080428 _gpsbo |
|
| 801 | 0 |
_aRU _bRuMoRGB _c20080428 _2psbo |
|
| 801 | 1 |
_aRU _bProSoft-M _c20080428 _2rusmarc |
|
| 801 | 2 |
_aRU _bNLR _c20100901 _2rusmarc |
|
| 852 |
_aNLR _j120/288 |
||
| 942 | _cBOOK | ||
| 980 | _aNB | ||